000 00415nam a2200169Ia 4500
008 230711s9999||||xx |||||||||||||| ||und||
020 _a978-81259-1540-9
041 _aENG
082 _a621
_bSU-M
100 _aSurjeet Singh
245 0 _aModern algebra
250 _a8th . Ed.
260 _c2005
_aNew Delhi
_bVikas Publishing House Pvt Ltd.
650 _aMathematics
700 _aZameeruddin.Qazi
942 _cBK
999 _c145
_d145